04435nam a22001577a 4500003000900000005001700009008004100026040001300067100005000080245007900130250000600209260002000215300001800235490006500253520395900318IT-RoPau20220918175936.0121205b xxu||||| |||| 00| 0 eng d cIT-RoPau aAlberione GiacomoqFondatore Famiglia Paolina aLa missione della Famiglia Paolina. Incontro dei Governi Generali FP 1986  aI aRomabSSPc1986 a160 p.c21 cm aEdizioni Archivio Storico Generale della Famiglia PaolinavI aINDICE Presentazione EVANGELIZZARE OGGI (D. Franco Pierini, SSP) Introduzione 1. Avvertenza preliminare 2. Metodologia della ricerca oggi. L' osservatore, ossia il circuito cibernetico-sistematico I. La sfida delle culture, del momento storico e dei mezzi di c.s. 3. Il mondo contemporaneo e i suoi problemi 4. La pastorale e l' evangelizzazione oggi II. Unità e complementarietà della missione della F.P.: dare oggi il Cristo Via e Verità e Vita 5. La comunità paolina secondo Don Alberione 6. La comunità paolina oggi note bibliografiche LA MISSIONE DELLA SOCIETA' SAN PAOLO (D.Eliseo Sgarbossa,SSP) I. La missione istituzionale della SSP nelle direttive del Fondatore A. L' evangelizzazione mediante i mezzi di massa 1. Il contenuto o messaggio della missione paolina : il Cristo totale 2. Lo spirito, il metodo e i mezzi della missione paolina 3. I linguaggi tecnici della missione paolina 4. Pluralismo e collaborazione : "Unirsi per gli apostolati" 5. Promesse, benedizioni e moniti B. Ministero dello "spirito" II. Sviluppi e momenti di revisione A. Evangelizzazione di massa B. Animazione spirituale e apostolica III. Prospettive della missione paolina 1. Obiettivo a lungo termine 2. Obiettivi a medio termine 3. Obiettivo immediato Conclusione Note LA MISSIONE DELLE FIGLIE DI SAN PAOLO (Sr. M. Ancilla Kurita, FSP) Introduzione I. Dare Gesù Cristo Via Verità e Vita II. Universalità e inculturazione III. Verifica della risposta apostolica IV. Missione delle F.S.P. nella Famiglia Paolina LA MISSIONE DELLE PIE DISCEPOLE DEL D.M. (Sr. Maria Joseph Oberto, PD) Introduzione I. Nel cuore della Famiglia Paolina 1. Definizione di apostolato 2. Dalla contemplazione all' azione 3. Tre manifestazioni di amore II. Un triplice servizio nello spirito di Maria A. Dimensione eucaristica B. Dimensione sacerdotale C. Dimensione liturgica III. Ieri e oggi... 1. Prospettive aperte dal Fondatore 2. Verifiche IV. In cammino... Concludendo Sigle bibliografiche LA MISSIONE DELLE SUORE DI GESU' BUON PASTORE (Sr. Flavia Mercurio, SGBP) Premessa I. La proposta fondamentale 1. Genesi 2. Attuazione 3. L' insegnamento di Don Alberione alle Pastorelle 4. Sviluppo congregazionale II. L' approfondimento carismatico: tappe salienti di un cammino in una Chiesa che cambia 1. Dal Concilio Vaticano II al primo Capitolo generale (1969) 2. Il secondo Capitolo generale (1975) 3. Periodo intermedio 4. Il terzo Capitolo generale (1981) La regola di vita - Programmazione generale 5. L' Intercapitolo e il Seminario internazionale (1984) Punti di non ritorno - Questioni aperte III. Prospettive Note LA MISSIONE DELLE SUORE APOSTOLINE (Sr. M. Maddalena Verani, Ap) Premessa I. La missione vocazionale dell' Istituto 1. Le costituzioni: Istruzione, azione, preghiera 2. Il Fondatore: " Coscienza vocazionaria" 3. Nel nome di Maria "Madre e Regina delle vocazioni" II. Dal Fondatore a oggi 1. Un cammino difficile 2. Alla luce del Vaticano II 3. Il mondo dei giovani 4. Incontro al Maestro 5. Iniziative concrete III. Programmi e prospettive 1. Gli obiettivi attuali 2. Progetti in cantiere per il futuro Conclusione Note ALLEGATI N.1: La Famiglia Paolina nelle parole di Don Alberione N.2: I principali documenti ecclesiali sugli strumenti di comunicazione sociale (elenco cronologico) N.3: Programma di formazione continua per le Pie Discepole N.4/a: Il "nuovo gruppo" di F.S.P. per le "Opere Pastorali" N.4/b: Le "vie comuni" delle Suore di G. Buon Pastore